Statistics for Oklahoma City Thunder Triple Double

Click here to take the quiz!

General Stats

  • This quiz has been taken 44 times
    (12 since last reset)
  • The average score is 11 of 22

Answer Stats

PlayerNbLast% Correct
Gary Payton142002
100%
Kevin Durant72015
100%
Russell Westbrook1382019
100%
Gus Williams11981
92%
Josh Giddey112024
92%
Serge Ibaka12012
92%
Shai Gilgeous-Alexander22021
92%
Shawn Kemp11994
83%
Paul George12019
75%
Jack Sikma31984
67%
Ray Allen22004
58%
Aleksej Pokusevski12022
17%
Art Harris11969
17%
Lenny Wilkens101970
17%
Nate McMillan41989
17%
Tre Mann12023
17%
Earl Watson12008
8%
Lonnie Shelton11983
8%
Slick Watts41977
8%
Jim Fox21974
0%
Lee Winfield11972
0%
Leonard Gray11976
0%

Score Distribution

Percentile by Number Answered

Percent of People with Each Score

Your Score History

You have not taken this quiz since the last reset